Classic SNL Characters Quiz Stats

Quiz Updated May 7, 2016

Also try: Original SNL Cast
Challenge
Share
Tweet
Score 0/20 Timer 05:00
5 Plays Today
% Correct
The Blues Brothers
97.7%
The Coneheads
94.7%
Wayne and Garth
88.1%
The Church Lady
83.4%
Pat
74.8%
The Festrunk Brothers
72.2%
Hans and Franz
69.6%
Mr. Bill
58.5%
Opera Man
53%
Mary Katherine Gallagher
48.9%
% Correct
Samurai Futaba
47.3%
The Land Shark
45.9%
Mango
44.8%
Dieter
44.3%
Father Guido Sarducci
41.5%
Matt Foley
40.4%
The Spartan Cheerleaders
38.7%
Roseanne Roseannadanna
36.6%
Linda Richman
29.2%
Margaret Jo McCullen and Teri Rialto
15.9%

You're not logged in!

Compare scores with friends on all Sporcle quizzes.
Sign Up with Email
OR
Log In

You Might Also Like...

Show Comments

Extras

Top Quizzes Today


Score Distribution

Your Account Isn't Verified!

In order to create a playlist on Sporcle, you need to verify the email address you used during registration. Go to your Sporcle Settings to finish the process.